000 01687cam0 2200361 ib4500
001 BY-HR0004-br612971
010 ^a978-5-389-10821-9
^bв переплете
^d4.27 р.
100 ^a20240925d2024 ad y0rusy50 ca
101 0 ^arus
102 ^aRU
105 ^aa z 000ay
109 ^ama
200 1 ^aАлые паруса
^eповесть-феерия
^fАлександр Грин
^gхудожник Нонна Алешина
^g[вступительная статья М. Переслегиной]
210 ^aМосква
^cМахаон
^cАзбука-Аттикус
^d2024
215 ^a125, [2] с.
^d22 см
225 1 ^aЧтение — лучшее учение
306 ^aНа переплете и титульном листе в выходных данных: Machaon
333 ^a0+
345 ^910 000 (дополнительный тираж)
608 ^aДЕТСКАЯ И ЮНОШЕСКАЯ ЛИТЕРАТУРА (художеств. произведение)
^3BY-NLB-ar9019
^2BYGNR
608 ^aПОВЕСТЬ
^3BY-NLB-ar23936
^2BYGNR
686 ^a84(2=411.2)6 ср.
^2rubbk
690 ^a1
^2Base
^9BY-MI0001
^xRSEK
700 1 ^aГрин
^bА. С.
^gАлександр Степанович
^cписатель
^f1880—1932
^3BY-NLB-ar116308
702 1 ^aАлешина
^bН. В.
^gНонна Владимировна
^3BY-SEK-602554
^4040
702 1 ^aПереслегина
^bМ. В.
^3BY-CNB-a160128
^4080
801 0 ^aBY
^bBY-HR0004
^c20240925
^gRCR
801 2 ^aBY
^bBY-MI0001
^c20250813
^gRCR
035 ^a(BY-MI0001)BY-HR0004-br612971
899 0 ^aBY-MI0001
^iГ85
^h84(2=411.2)6